|
|
|
|
| LEADER |
01027nam a2200265 a 4500 |
| 001 |
11127 |
| 003 |
BD-DhAAL |
| 008 |
730822s1962 xxu b 001 0 eng d |
| 999 |
|
|
|c 5095
|d 5095
|
| 010 |
|
|
|a \\\61018823
|
| 040 |
|
|
|a DLC
|c OAkU
|d OCoLC
|d DLC
|d BD-DhAAL
|
| 082 |
0 |
0 |
|a 671
|2 16
|
| 100 |
1 |
|
|a Rusinoff, S. E.
|q (Samuel Eugene),
|d 1894-
|9 40162
|
| 245 |
1 |
0 |
|a Manufacturing processes :
|b materials and production /
|c S. E. Rusinoff.
|
| 250 |
|
|
|a Revised edition
|
| 260 |
|
|
|a Chicago :
|b American Technical Society,
|c 1962.
|
| 300 |
|
|
|a vi, 753 pages :
|b illustrations ;
|c 22 cm.
|
| 504 |
|
|
|a Includes bibliographical references and index.
|
| 541 |
1 |
|
|e 00011127
|
| 650 |
|
0 |
|a Metal-work.
|9 40163
|
| 650 |
|
0 |
|a Plastics.
|9 40164
|
| 650 |
|
0 |
|a Machine-shop practice.
|9 40165
|
| 852 |
4 |
|
|a Ayesha Abed Library
|j General Stacks
|
| 942 |
|
|
|2 ddc
|c BK
|
| 952 |
|
|
|0 0
|1 0
|2 ddc
|4 0
|6 671_RUS_196200000000000
|7 0
|9 4948
|a BRACUL
|b BRACUL
|c GEN
|d 2009-11-04
|g 0.00
|l 0
|o 671 RUS
|p 3010011127
|r 2009-11-04
|t 1
|w 2009-11-04
|y BK
|x No price found in the accession register.
|